00467 2200193 4500001002100000005001500021035002000036007000300056008004100059020001800100082001000118084001600128100001100144245004400155250001000199260003400209300002000243990001000263INLIS00000000001027820220203030215 a0010-0222000081ta220203 g 0 ind  a9786029186079 a745.5 a745.5 YOH r0 aYOHANA1 aReplika Makanan dari Benang 2 /cYohana acet 1 aSurabaya :bTiara Aksa,c2011 a80 hlm ;c21 cm a5213a